| 000 | 00841nam a2200241 a 4500 | ||
|---|---|---|---|
| 001 | BRCA_1140 | ||
| 005 | 20190320203310.0 | ||
| 008 | 930105s1990 sp-a---##b---#001-0#spa-# | ||
| 020 | _a8474902495 | ||
| 040 |
_aDLC _cDLC |
||
| 050 | 4 |
_aN6415.B3 _b.S43 1990 |
|
| 100 | 1 |
_aSebastián, Santiago _93748 |
|
| 245 | 1 | 0 |
_aEl barroco iberoamericano _bmensaje iconográfico _cSantiago Sebastián. |
| 260 |
_aMadrid _bEncuentro _c1990 |
||
| 300 |
_a374 p. _bil. (algunas a color) _c31 cm. |
||
| 440 | 0 |
_aPueblos y culturas _93749 |
|
| 500 | _aIncluye índices de artistas, índice de ilustracionesy figuras e indice temático e iconográfico | ||
| 504 | _aBibliografía: p. 354-360 | ||
| 650 | 1 | 4 |
_aArte barroco _zAmérica Latina _93750 |
| 650 | 1 | 4 |
_aArte colonial _zAmérica Latina _93751 |
| 650 | 1 | 4 |
_aArte en América Latina _93752 |
| 942 |
_2lcc _cB |
||
| 999 |
_c1017 _d1017 |
||